000 00956nam a22002417a 4500
005 20180228131006.0
010 _a1617EN B-652552-562 ENG-117574
020 _a9788175248090
_c800.00
035 _aB-652552-562
035 _aB-667637
035 _aEN-101106
037 _bKKP
037 _bDBAD/PUB
082 _a613.071
100 _aGoun, Jai bhagwan Singh
245 _aHealth Education and Environmental studies /
_cby Jai bhagwan Singh Goun
260 _aNew Delhi
_bKhel Sahitya Kendra
_c2016
270 _a7/26, Ansari Road, Darya Ganj
_bNew Delhi
_e110002
300 _a303p.
_b22cm(HB)
942 _2ddc
_cEN
_h613.071
_mGOU
999 _c102592
_d102592